000 00638nam a2200277Ia 4500
005 20260324135109.0
008 008 260324s9999 xx 000 0 eng d
020 _a9781315186887
037 _aEBOOK
040 _aCRL
040 _beng
040 _cCRL
041 _2eng
041 _aeng
084 _qCRL
100 _aE Udogu
_91199326
245 4 _aThe Issue of Political Ethnicity in Africa
260 _bTaylor and Francis
260 _c2001
365 _a
365 _b130
856 _uhttp://www.taylorfrancis.com/books/9781315186887
942 _cEBOOK
999 _c1800054
_d1800054